000 00960nam a2200241Ia 4500
005 20250622124032.0
008 250617s9999||||xx |||||||||||||| ||ara||
017 _a2024/31824
_bمصر. دار الكتب
020 _a9789778685770
082 0 4 _a"721,48"
_bن م
100 0 _aنهى جميل محمد غالى
245 1 0 _aالمحاريب فى عمائر بخارى :
_bمنذ بداية العصر التيمورى حتى نهاية عصر المنغيت /
_cإعداد نهى جميل محمد غالى
250 _aط1
260 3 _aالقاهرة :
_b"حسن أبو شادى للأبحاث والنشر،"
_c2025.
300 _a462ص :
_bلوحات ؛
_c25سم.
650 _aالآثار الإسلامية
650 _aالعمارة الإسلامية
650 _aالفن الإسلامى
650 _aالقصور الإسلامية
650 _aالمحاريب
_x عمارة
942 _cBK
999 _c67585
_d67585